000 00257nam a2200097Ia 4500
008 220204s9999 xx 000 0 und d
082 _a058(540)
_bIND
245 0 _aIndia: A reference annual 1974
260 _aIndia
_bMinistry of Information
_c1974
942 _cBK
999 _c22662
_d22662